• 首页
  • 本馆介绍
  • 公告通知
  • 最新文献
  • 馆藏检索
  • 电子资源
  • 读者导购
  • 参考咨询
  • 我的图书馆
  • 登录
  • 详细信息显示
  • 放入我的书架
  • 预约/预借图书
  • 作者相关作品
  • 分类相关作品
  • 丛书相关作品
  • 出版社相关作品

书目信息

  • 表格格式
  • 工作单格式
  • 卡片格式
题名:
蚯蚓
    
 
作者: 黄福珍 编著
分册:  
出版信息: 北京   农业出版社  1982.01
页数: 194页
开本: 20cm
丛书名:
单 册:
中图分类: S899.8
科图分类:
主题词: 养蜂 , 益虫--饲养
电子资源:
ISBN:
000 00525nam0 2200205 450
001 0653449069
005 20060816145212.62
010    @dCNY0.67
091    @a13144.247
100    @a20060816d1982 km y0chiy0120 ea
101 0  @achi
200 1  @a蚯蚓@Aqiu yin@f黄福珍 编著@Fhuang fu zhen bian zhu
210    @a北京@c农业出版社@d1982.01
215    @a194页@d20cm
606 0  @a养蜂
606 0  @a益虫@x饲养
690    @aS899.8@v3
701  0 @a黄福珍@Ahuang fu zhen@4编著
801  0 @aCN@bPFT@c20060816
905    @a10447@dS899.8@e45
    
    蚯蚓/黄福珍 编著.-北京:农业出版社,1982.01
    194页;20cm
    
    
    ISBN :CNY0.67
    
●
相关链接 在E读中查询图书 在五车中查询图书 在当当中查询图书 在豆瓣中查询图书


正题名:蚯蚓     索取号:S899.8/45         预约/预借

序号 登录号 条形码 馆藏地/架位号 状态 备注
1 0458695   204586956   密集书库/ [索取号:S899.8/45] 在馆    
唐山师范学院图书馆 欢迎您!
大连网信软件有限公司© 版权所有